000 00353pab a2200157 454500
008 180718b2006 xxu||||| |||| 00| 0 eng d
100 _aRamnarayan, S.
245 _aDynamics of reinvention
260 _c2006
300 _ap.31-47.
362 _aJan-Mar
650 _aOrganizations
700 _aNilakant, V.
773 _aVikalpa
909 _a70282
999 _c70282
_d70282